000 00477cam a22001337a 4500
008 180718b1959 xxu||||| |||| 00| 0 eng d
082 _aT000 N213e
245 _aThe comparative study of economic growth and structure
_cby National Bureau of Economic Research, U.S.A.
260 _aNew York
_bNational Bureau of Econoic Research
_c1959
300 _a201p.
500 _a$3.00
650 _aEconomic development --Congresses
700 _aU.S.A. National Bureau of Econoic Research
999 _c480740
_d480740